<?xml version="1.0" encoding="UTF-8"?>
<record
    xmlns:xsi="http://www.w3.org/2001/XMLSchema-instance"
    xsi:schemaLocation="http://www.loc.gov/MARC21/slim http://www.loc.gov/standards/marcxml/schema/MARC21slim.xsd"
    xmlns="http://www.loc.gov/MARC21/slim">

  <leader>00720nab a2200217uuc4500</leader>
  <controlfield tag="001">1077679</controlfield>
  <controlfield tag="005">20240202083803.0</controlfield>
  <controlfield tag="008">080422s2008                        spa  </controlfield>
  <datafield tag="035" ind1=" " ind2=" ">
    <subfield code="a">1077679</subfield>
  </datafield>
  <datafield tag="035" ind1=" " ind2=" ">
    <subfield code="a">(OCoLC)820400863</subfield>
  </datafield>
  <datafield tag="040" ind1=" " ind2=" ">
    <subfield code="c">comduadb</subfield>
  </datafield>
  <datafield tag="041" ind1=" " ind2=" ">
    <subfield code="a">spa</subfield>
  </datafield>
  <datafield tag="100" ind1="1" ind2="0">
    <subfield code="a">Tobon Pereira, Juan Carlos</subfield>
    <subfield code="4">aut</subfield>
    <subfield code="e">aut</subfield>
    <subfield code="9">457771</subfield>
  </datafield>
  <datafield tag="245" ind1="1" ind2="0">
    <subfield code="a">Estudio del paciente con infeccion por VIH</subfield>
  </datafield>
  <datafield tag="650" ind1=" " ind2="7">
    <subfield code="a">Infecciones por VIH</subfield>
    <subfield code="2">lemb</subfield>
    <subfield code="9">50349</subfield>
  </datafield>
  <datafield tag="650" ind1=" " ind2="7">
    <subfield code="a">SIDA</subfield>
    <subfield code="2">lemb</subfield>
    <subfield code="9">64892</subfield>
  </datafield>
  <datafield tag="650" ind1=" " ind2="7">
    <subfield code="a">VIH</subfield>
    <subfield code="2">lemb</subfield>
    <subfield code="9">855770</subfield>
  </datafield>
  <datafield tag="700" ind1="1" ind2="0">
    <subfield code="a">Toro Montoya, Ana Isabel</subfield>
    <subfield code="4">aut</subfield>
    <subfield code="e">aut</subfield>
    <subfield code="9">488804</subfield>
  </datafield>
  <datafield tag="773" ind1="0" ind2=" ">
    <subfield code="t">Medicina y Laboratorio (Medell&#xED;n)</subfield>
    <subfield code="g">Volumen 14, N&#xFA;mero 01-02, Enero-Febrero 2008, p. 11-42</subfield>
    <subfield code="w">414490</subfield>
    <subfield code="x">0123-2576</subfield>
    <subfield code="0">115970</subfield>
  </datafield>
  <datafield tag="942" ind1=" " ind2=" ">
    <subfield code="c">ARIMP</subfield>
  </datafield>
  <datafield tag="999" ind1=" " ind2=" ">
    <subfield code="c">446094</subfield>
    <subfield code="d">446094</subfield>
  </datafield>
</record>
